01614nam a2200493 i 450000100060000000300090000600500170001500800410003201500190007302000150009202000180010703500230012503500360014803500140018403500210019803500230021903500440024204000280028604100130031404600090032708000120033608000110034808000090035910000330036824501140040124600250051524600580054026000470059830000280064533600270067333700540070033800280075438000160078238000230079838800100082150400120083165000170084365000380086065500220089865800430092070000430096371000160100685600980102254987KOSZ 00520211210135033.0070827s2007 pl a f f |001 0 pol  aUWD 2008/24669 a8324606432 a9788324606436 a991036018059705066 a(PL-WaBN)b19680223-48omnis_nlop ab19680223 a(OCoLC)830864938 a(PL)b0000001968022 a(EXLNZ-48OMNIS_NETWORK)9910108940205606 aWA NcWA NdKOSZ 005/HR1 apolheng k2005 a004.774 a004.42 a(07)1 aGraf, Hagend(1964- )eAutor10aJoomla! :bsystem zarządzania treścią : technologia i rozwiązania /cHagen Graf ; [tł. Paweł Kita].1 iTyt. oryg.:aJoomla!1 iTyt. przekł.:aBuilding websites with Joomla!,f2005 aGliwice :bWydawnictwo Helion,ccop. 2007. a342 s. :bil. ;c23 cm. aTekstbtxt2rdacontent aBez urządzenia pośredniczącegobn2rdamedia aWoluminbnc2rdacarrier aKsiążki aPublikacje fachowe a2001- aIndeks. 7aJoomla!2DBN 7aSystemy zarządzania treścią 7aPodręcznik2DBN aInformatyka i technologie informacyjne1 aKita, Pawełc(tłumacz)eTłumaczenie2 aHelion4pbl uhttp://koha.tu.koszalin.pl/cgi-bin/koha/opac-detail.pl?biblionumber=54987yKatalog online BPK